000
00275nam a2200121Ia 4500
008
190216s9999||||xx |||||||||||||| ||und||
100
_a
Peter Emmens
245
0
_a
Storm
260
_b
Longmans
_c
1996
300
_a
48
650
_a
Novel&Amp;Short Stories
942
_c
BK
999
_c
11791
_d
11791